Cariba malo : (Registro nro. 17463)
[ vista simple ]
| 000 -CABECERA | |
|---|---|
| Campo de control | 01440nam a2200277 a 4500 |
| 005 - FECHA Y HORA DE LA ULTIMA TRANSACCION | |
| Campo de control | 20180223162053.0 |
| 008 - ELEMENTOS DE LONGITUD FIJA—INFORMACION GENERAL | |
| Campo de control | 130422s2012 ck aob gr 00110 spa d |
| 020 ## - ISBN | |
| ISBN | 9789587611618 |
| 040 ## - FUENTE DE CATALOGACIÓN | |
| Agencia catalogadora original | CO-BoIAVH |
| Agencia transcriptora | CO-BoIAVH |
| 041 0# - IDIOMA | |
| Código de idioma para texto/pista de sonido o título separado | Español |
| 044 ## - PAÍS DE PUBLICACIÓN | |
| País de publicación | Colombia |
| 082 04 - NUMERO DE CLASIFICACION DECIMAL DEWEY | |
| Número de clasificación | 980.00498 |
| Número del ítem | F82c |
| 100 1# - ASIENTO PRINCIPAL--NOMBRE PERSONAL | |
| Nombre personal | Franco, Roberto |
| Fechas asociadas con el nombre | 1922- |
| 9 (RLIN) | 89870 |
| 245 10 - MENCION DE TITULO | |
| Título | Cariba malo : |
| Parte restante del título | Episodios de resistencia de un pueblo indígena aislado del Amazonas/ |
| Mención de responsabilidad | Roberto Franco. |
| 260 #3 - PUBLICACION, DISTRIBUCION, ETC. (PIE DE IMPRENTA) | |
| Lugar de publicación, distribución, etc. | Leticia : |
| Nombre del editor, distribuidor, etc. | Universidad Nacional de Colombia, |
| Fecha de publicación, distribución, etc. | 2012. |
| 300 ## - DESCRIPCION FISICA | |
| Extensión | 154 p. : |
| Otros detalles físicos | il., map., col. ; |
| Dimensiones | 24 cm. |
| 490 0# - MENCION DE SERIE | |
| Mención de serie | Documentos históricos de Imani ; |
| Designación numérica/secuencial del volumen | 2 |
| 500 ## - NOTA GENERAL | |
| Nota general | Contiene índice de mapas e índice de ilustraciones. |
| 504 ## - NOTA DE BIBLIOGRAFIA, ETC. | |
| Nota de bibliografía | Incluye bibliografía e índice. |
| 520 ## - NOTA DE RESUMEN, ETC. | |
| Nota de resumen | Este documento es un aporte a mostrar dentro de una investigación histórica y antropológica que busca que se logren identificar y proteger estos grupos por medio de políticas públicas como en países vecinos, en donde se le de una mayor visibilidad a dichos grupos y de esta manera el estado los blinde mejor en todos los sentidos. |
| 650 ## - ASIENTO SECUNDARIO DE MATERIA - TERMINO TEMATICO | |
| Término temático o nombre geográfico como elemento de entrada | Indígenas |
| Subdivisión general | Historia. |
| Subdivisión geográfica | Amazonía, Colombia |
| 9 (RLIN) | 89871 |
| 650 ## - ASIENTO SECUNDARIO DE MATERIA - TERMINO TEMATICO | |
| Término temático o nombre geográfico como elemento de entrada | Indígenas |
| Subdivisión general | Vida social y costumbres. |
| Subdivisión geográfica | Amazonía, Colombia |
| 9 (RLIN) | 89872 |
| 650 ## - ASIENTO SECUNDARIO DE MATERIA - TERMINO TEMATICO | |
| Término temático o nombre geográfico como elemento de entrada | Indígenas |
| Subdivisión general | Aspectos socioeconomicos. |
| Subdivisión geográfica | Amazonía, Colombia |
| 9 (RLIN) | 89873 |
| 710 ## - ASIENTO SECUNDARIO - NOMBRE CORPORATIVO | |
| Nombre corporativo o de jurisdicción como elemento de entrada | Universidad Nacional de Colombia, sede Amazonía |
| Unidad subordinada | --Instituto Imani |
| 9 (RLIN) | 89874 |
| 942 ## - ELEMENTOS ADICIONALES (KOHA) | |
| Sistema de clasificación | Dewey Decimal Classification |
| Tipo de ítem | Libro |
| Withdrawn status | Lost status | Sistema de Clasificación | Damaged status | No para préstamo | Colección | Ubicación Permanente | Ubicación actual | Fecha de adquisición | Fuente de Valor | Valor | Total Checkouts | Número topográfico | Inventario / Código de Barras | Date last seen | Ejemplar | Price effective from | Forma de adquisición | Tipo de material |
|---|---|---|---|---|---|---|---|---|---|---|---|---|---|---|---|---|---|---|
| Dewey Decimal Classification | General | Bogotá | Bogotá | 16/06/2015 | Instituto | 39000.00 | LB-980.00498 F82f | 039067 | 16/06/2015 | Ej. 1 | 16/06/2015 | Donación | Libro | |||||
| Dewey Decimal Classification | General | Bogotá | Bogotá | 01/04/2017 | Instituto | 39000.00 | LB-980.00498 F82f | 035030 | 01/04/2017 | Ej. 2 | 01/04/2017 | Donación | Libro |